Malaysia: critical perspectives : Essays in honour of Syed Husin Ali .

Bibliographic Details
Corporate Author: Persatuan Sains Sosial Malaysia
Other Authors: Muhammad Ikmal Said, Zahid Emby
Format: Book
Published: Petaling Jaya, Selangor : Persatuan Sains Sosial Malaysia , 1996
Subjects:

MARC

LEADER 00000cam a2200000 7i4500
001 0000000288
005 20000727.0
020 0 0 |a 9839960350 
090 0 0 |a 320.9595   |b MAL 1996 
245 0 0 |a Malaysia: critical perspectives :   |b Essays in honour of Syed Husin Ali .   |l Malaysia: pandangan kritis :   |b esei penghargaan untuk Syed Husin Ali   |c editors, Muhammad Ikmal Said, Zahid Emby 
260 0 0 |a Petaling Jaya, Selangor :   |b Persatuan Sains Sosial Malaysia ,   |c 1996 
300 |a viii, 278 p. ;   |c 23 cm. 
500 0 0 |a Texts in English and Malay 
600 0 0 |a Syed Husin Ali   |x Political and social views 
650 0 0 |a Malaysia   |x Politics and government 
650 0 0 |a Malaysia   |x Social conditions 
650 0 0 |a Malays   |x Social conditions 
650 0 0 |a Nationalism   |z Malaysia 
700 0 1 |a Muhammad Ikmal Said 
700 0 1 |a Zahid Emby 
710 1 1 |a Persatuan Sains Sosial Malaysia 
999 |a 0000001385   |b Monograph   |c Open Shelf   |e Default branch